000 00909cam a22002897a 4500
003 CHAP
005 20220329135453.0
008 971013s1966 r 00010 d
010 _a37055
011 _a38027
035 _a42147
040 _cCHAP
090 _aFolleto 5656
100 0 0 _aOrtiz Villanueva, Godofredo Bonifacio.
_984083
245 1 3 _aLa clasificación de tierras con fines agrícolas
260 _aMéxico, D. F. :
_bSociedad Mexicana de la Ciencia del Suelo,
_c1966
300 _a20 h.
590 _aBATCH-UPD
_b10
_c20130110
_lUCH01
_h1915
590 _aBATCH-UPD
_b10
_c20130410
_lUCH01
_h1241
590 _aBATCH-UPD
_b10
_c20130914
_lUCH01
_h1854
590 _aCONVERSION
_b10
_c20130109
_lUCH01
_h1321
650 1 4 _aSuelos agrícolas.
_9110531
650 1 4 _aSuelos
_xClasificación.
_9110239
901 _aBK
942 _cFOLL
949 _aFolleto 5656
_bBC
_cFOLL
_d-96981
_eTS1
_i42147
_si
999 _c37055
_d37055